| 000 | 00892nam a2200253Ia 4500 | ||
|---|---|---|---|
| 003 | OSt | ||
| 005 | 20221002043631.0 | ||
| 006 | a|||||r|||| 00| 0 | ||
| 007 | ta | ||
| 008 | 220930b |||||||| |||| 00| 0 hin d | ||
| 020 |
_a8126312319 (hbk) _c1550 |
||
| 024 | _a88416 | ||
| 037 |
_b517, 25/03/2008, Vani Prakashan _cReference Collections |
||
| 040 |
_aCRL _cCRL _bhin |
||
| 041 |
_2hin _ahin |
||
| 082 | _aO152wN, P6(RR) | ||
| 100 | _aशर्मा, कुमुद | ||
| 245 | 0 | _aहिन्दी के निर्माता | |
| 260 |
_aनयी _bदिल्ली भारतीय ज्ञानपीठ _c2006 |
||
| 300 |
_a415पृ0 _ccm. |
||
| 650 | _aहिन्दी साहित्य | ||
| 942 |
_hO152wN, P6(RR) _cref _2CC |
||
| 999 |
_c908643 _d908643 |
||